[Event "Czechia KP-chTA 0607"]
[Site "Czech Republic"]
[Date "2007.01.21"]
[Round "6.4"]
[White "Novak, Milan"]
[Black "Kopecky, Jiri"]
[Result "1/2-1/2"]
[WhiteElo "1946"]
[BlackElo "1996"]
[PlyCount "90"]
[EventDate "2006.10.29"]
[EventType "team"]
[EventRounds "11"]
[EventCountry "CZE"]
[SourceTitle "EXT 2008"]
[Source "ChessBase"]
[SourceDate "2007.11.25"]
[SourceVersion "1"]
[SourceVersionDate "2007.11.25"]
[SourceQuality "1"]
[WhiteTeam "Pribram II"]
[BlackTeam "Kralupy nad Vltavou"]
[WhiteTeamCountry "CZE"]
[BlackTeamCountry "CZE"]

1. d4 Nf6 2. c4 g6 3. Nc3 d5 4. cxd5 Nxd5 5. e4 Nxc3 6. bxc3 Bg7 7. Bc4 c5 8. Ne2 cxd4 9. cxd4 0-0 10. 0-0 Nc6 11. Be3 Na5 12. Bd3 e6 13. Qd2 b6 14. Rac1 Bb7 15. Bh6 Qd7 16. Bxg7 Kxg7 17. Qb2 Kg8 18. f3 Rfc8 19. Rfd1 Rxc1 20. Rxc1 Rc8 21. Kf2 Rxc1 22. Nxc1 Qc7 23. g3 h5 24. Nb3 Nxb3 25. axb3 h4 26. Bf1 a5 27. Bb5 e5 28. Be2 exd4 29. Qxd4 hxg3+ 30. hxg3 Bc6 31. e5 Bd7 32. Bc4 b5 33. Bd5 a4 34. bxa4 bxa4 35. Qe4 Qc5+ 36. Ke2 Bf5 37. Qc4 Qxc4+ 38. Bxc4 Kf8 39. Kd2 Ke7 40. Kc3 Be6 41. Bb5 a3 42. Bc6 a2 43. Kb2 Bc4 44. f4 Be6 45. Be4 Kd8 1/2-1/2

[Event "Czechia KP-chTA 0607"]
[Site "Czech Republic"]
[Date "2006.11.12"]
[Round "2.5"]
[White "Kucera, Vladimir"]
[Black "Novak, Milan"]
[Result "0-1"]
[WhiteElo "2079"]
[BlackElo "1946"]
[PlyCount "60"]
[EventDate "2006.10.29"]
[EventType "team"]
[EventRounds "11"]
[EventCountry "CZE"]
[SourceTitle "EXT 2008"]
[Source "ChessBase"]
[SourceDate "2007.11.25"]
[SourceVersion "1"]
[SourceVersionDate "2007.11.25"]
[SourceQuality "1"]
[WhiteTeam "Tisice"]
[BlackTeam "Pribram II"]
[WhiteTeamCountry "CZE"]
[BlackTeamCountry "CZE"]

1. d4 Nf6 2. c4 g6 3. Nc3 d5 4. Bf4 Bg7 5. e3 0-0 6. h3 b6 7. Nf3 Bb7 8. Rc1 c5 9. dxc5 bxc5 10. Qb3 Qb6 11. Qc2 Nbd7 12. Bd3 Rfe8 13. cxd5 Nxd5 14. Bg3 Nb4 15. Qd2 Nxd3+ 16. Qxd3 Qxb2 17. 0-0 Nb6 18. Rfd1 c4 19. Qc2 Qxc2 20. Rxc2 Red8 21. Nd4 e5 22. Ndb5 Rxd1+ 23. Nxd1 Rd8 24. Nb2 Be4 25. Rc3 Bd3 26. e4 Bxe4 27. Nxa7 Bd3 28. Nc6 e4 29. Ne5 Re8 30. Nbxd3 exd3 0-1